000 00978nas a2200301 4500
001 BR9602012
003 BR-BrBNA
005 20231205095729.0
007 ta
008 230509b bl.|||p| |||| 00| 00por d
040 _aBR-BrBNA
_bpor
_cBiblioteca Nacional de Agricultura
041 _a(Pt)
072 _aL53
100 1 _aWentz, I.
100 1 _aScheid, I.R.
100 1 _aFerreira, F.M.
100 1 _aVasconcelos, R.O.
100 1 _aReis, G.R. dos
100 1 _aBorchardt Neto, G.
245 1 _aEficiencia das gonadotrofinas na estimulacao da atividade ovariana, coleta, cultivo e transferencia de embrioes em suinos
650 _aSUÍNO
650 _aTransferencia de Embriao
650 _aCiclo Estral
650 _aOvulacao
773 0 _tArquivos da Faculdade de Veterinaria da Universidade Federal do Rio Grande do Sul (Brazil)
_xISSN 0101-5230
_g(1995), v. 23 p. 89-100
_wBR9602012
909 _a202311
_bLúcia
_c55
_dLúcia Elande
942 _2AGRIS
_n0
_cANA
999 _c152401
_d152401